Cognitive and affective evaluation of selected aspects of the mathematics education component of the elementary school teacher preparation program at Texas A&M University /

Bibliographic Details
Main Author: Rosenstein, Shari Lee
Format: Thesis eBook
Language:English
Published: [Place of publication not identified] : [publisher not identified] ; 1986.
Subjects:
Online Access:Link to OAKTrust copy

MARC

Tag First Indicator Second Indicator Subfields
LEADER 00000cam a2200000 a 4500
001 in00000016460
005 20220103114953.0
007 cr unu a
008 880527s1986 xx b 00010 eng d
035 |9 AAA9150AM 
035 |a (OCoLC)18009336 
040 |a TXA  |c TXA  |d UtOrBLW 
043 |a n-us-tx 
049 |a TXAZ [Also in] [Archives]  |c 1 [A10033183], 2 [A10033191] 
099 |a 1986  |a Thesis  |a R815 
100 1 |a Rosenstein, Shari Lee. 
245 1 0 |a Cognitive and affective evaluation of selected aspects of the mathematics education component of the elementary school teacher preparation program at Texas A&M University /  |c by Shari Lee Rosenstein. 
264 1 |a [Place of publication not identified] :  |b [publisher not identified] ;  |c 1986. 
300 |a vii, 103 leaves ;  |c 29 cm. 
336 |a text  |b txt  |2 rdacontent 
337 |a computer  |b c  |2 rdamedia 
338 |a online resource  |b cr  |2 rdacarrier 
500 |a "Major subject: Curriculum and Instruction." 
500 |a Typescript (photocopy). 
500 |a Vita. 
502 |b M.S.  |c Texas A&M University  |d 1986. 
504 |a Bibliography: leaves 60-66. 
530 |a Also available online. 
650 0 |a Mathematics teachers  |x Training of  |z Texas. 
650 0 |a Mathematics  |x Study and teaching (Elementary)  |z Texas. 
650 4 |a Major curriculum and instruction. 
856 4 1 |u https://hdl.handle.net/1969.1/ETD-TAMU-1986-THESIS-R815  |z Link to OAKTrust copy  |t 0 
999 |a MARS 
999 f f |s 7a5bf387-7c9f-32c7-abf1-f047958865c1  |i f9bfde0f-4343-3365-a9a3-9fb0a7840ee9  |t 0 
952 f f |p noncirc  |a Texas A&M University  |b J.J. Pickle Campus  |c High Density Repository  |s HDR  |d Remote Storage  |t 0  |e 1986 Thesis R815  |h Other scheme  |i computer -- online resource  |m A14839618243 
952 f f |a Texas A&M University  |b College Station  |c Electronic Resources  |s www_evans  |d Available Online  |t 0  |e 1986 Thesis R815  |h Other scheme 
998 f f |a 1986 Thesis R815  |t 0  |l Available Online 
998 f f |a 1986 Thesis R815  |t 0  |l Remote Storage